Atlas of infections of the skin / (Record no. 1708)

MARC details
000 -LEADER
fixed length control field 00843pam a2200277 a 4500
001 - CONTROL NUMBER
control field 3431333
003 - CONTROL NUMBER IDENTIFIER
control field OSt
005 - DATE AND TIME OF LATEST TRANSACTION
control field 20160427121719.0
008 - FIXED-LENGTH DATA ELEMENTS--GENERAL INFORMATION
fixed length control field 910215s1991 enka 001 0 eng c
010 ## - LIBRARY OF CONGRESS CONTROL NUMBER
LC control number 91007016
020 ## - INTERNATIONAL STANDARD BOOK NUMBER
International Standard Book Number 0397448392 :
Terms of availability �35.00
040 ## - CATALOGING SOURCE
Original cataloging agency DNLM/DLC
Transcribing agency DLC
Modifying agency DLC
050 00 - LIBRARY OF CONGRESS CALL NUMBER
Classification number RL201
Item number .D8 1991
060 ## - NATIONAL LIBRARY OF MEDICINE CALL NUMBER
Classification number WR 17 D987ab
082 00 - DEWEY DECIMAL CLASSIFICATION NUMBER
Classification number WR 17 D85a 1991
Edition number 20
100 1# - MAIN ENTRY--PERSONAL NAME
Personal name Du Vivier, Anthony.
9 (RLIN) 4511
245 10 - TITLE STATEMENT
Title Atlas of infections of the skin /
Statement of responsibility, etc. Anthony du Vivier.
260 ## - PUBLICATION, DISTRIBUTION, ETC. (IMPRINT)
Place of publication, distribution, etc. London ;
Name of publisher, distributor, etc. Lippincott Co., 1991
300 ## - PHYSICAL DESCRIPTION
Extent 114 p. :
Other physical details col. ill. ;
Dimensions 26 cm.
500 ## - GENERAL NOTE
General note Includes index.
650 #0 - SUBJECT ADDED ENTRY--TOPICAL TERM
Topical term or geographic name as entry element Skin
General subdivision Infections
-- Atlases.
9 (RLIN) 4512
650 #2 - SUBJECT ADDED ENTRY--TOPICAL TERM
Topical term or geographic name as entry element Skin Diseases, Infectious
General subdivision atlases.
9 (RLIN) 4513
906 ## - LOCAL DATA ELEMENT F, LDF (RLIN)
a 7
b cbc
c orignew
d 1
e ocip
f 19
g y-gencatlg
942 ## - ADDED ENTRY ELEMENTS (KOHA)
Source of classification or shelving scheme Other/Generic Classification Scheme
Koha item type Short Loan
Holdings
Withdrawn status Lost status Source of classification or shelving scheme Damaged status Not for loan Home library Current library Date acquired Source of acquisition Inventory number Total Checkouts Full call number Barcode Date last seen Price effective from Koha item type
    Other/Generic Classification Scheme     MUST Main Library MUST Main Library 05/05/2015   2001/15193   WR 17 D85a 1991 2015-1332 05/05/2015 05/05/2015 Short Loan
    Other/Generic Classification Scheme     MUST Main Library MUST Main Library 05/05/2015   2003/20151   WR 17 D85a 1991 2015-1342 05/05/2015 05/05/2015 Short Loan